[Event "GRE-chT 39th"]
[Site "Eretria"]
[Date "2011.07.08"]
[Round "7.9"]
[White "Anastasopoulou, Andrianna"]
[Black "Tsarouha, Marianthi"]
[Result "0-1"]
[WhiteElo "1786"]
[BlackElo "1799"]
[PlyCount "112"]
[EventDate "2011.07.03"]
[EventType "team-swiss"]
[EventRounds "7"]
[EventCountry "GRE"]
[SourceTitle "CBM 143 Extra"]
[Source "ChessBase"]
[SourceDate "2011.08.29"]
[SourceVersion "1"]
[SourceVersionDate "2011.08.29"]
[SourceQuality "1"]
[WhiteTeam "Ilioupolis"]
[BlackTeam "Chania Chess Academy"]
[WhiteTeamCountry "GRE"]
[BlackTeamCountry "GRE"]

1. d4 d5 2. c4 c6 3. Nc3 a6 4. e3 Nf6 5. Nf3 Bg4 6. Qb3 b5 7. cxb5 axb5 8. Ne5 Qc7 9. Bd2 Nbd7 10. Nxg4 Nxg4 11. Be2 Ngf6 12. Rc1 Qb6 13. 0-0 e6 14. a3 Bd6 15. Rc2 0-0 16. Rfc1 e5 17. dxe5 Nxe5 18. Na2 Nc4 19. Bxc4 dxc4 20. Rxc4 Bxh2+ 21. Kh1 Qb8 22. Rxc6 Ng4 23. Be1 Qe5 24. R1c5 Qe7 25. Rh5 Be5 26. Qc2 g6 27. Rh3 Qd7 28. Rc5 Rfd8 29. Qe2 Qd1 30. Rc2 Qxe2 31. Rxe2 Rd1 32. g3 Nxf2+ 33. Rxf2 Rxe1+ 34. Kg2 Rxe3 35. g4 Rxh3 36. Kxh3 Rd8 37. Nb4 Rd1 38. Re2 Rh1+ 39. Kg2 Rh2+ 40. Kf3 Rxe2 41. Kxe2 Bxb2 42. Nc2 h5 43. gxh5 gxh5 44. Kf3 Kg7 45. Kg3 Kg6 46. Kf4 f5 47. Ne3 Bc1 48. Kf3 Bxe3 49. Kxe3 h4 50. Kf4 Kf6 51. Kf3 Kg5 52. Kg2 Kg4 53. Kh2 f4 54. Kg2 f3+ 55. Kh2 h3 56. a4 f2 0-1

[Event "GRE-ch U16 Girls"]
[Site "Eretria"]
[Date "2011.06.29"]
[Round "5.3"]
[White "Anastasopoulou, Andrianna"]
[Black "Drakaki, Anna Maria"]
[Result "1-0"]
[WhiteElo "1762"]
[BlackElo "1747"]
[PlyCount "141"]
[EventDate "2011.06.25"]
[EventType "swiss"]
[EventRounds "7"]
[EventCountry "GRE"]
[SourceTitle "EXT 2024"]
[Source "ChessBase"]
[SourceDate "2023.10.10"]
[SourceVersion "1"]
[SourceVersionDate "2023.10.10"]
[SourceQuality "1"]

1. d4 d5 2. c4 c6 3. Nc3 Nf6 4. Bg5 dxc4 5. e3 Bf5 6. Bxc4 h6 7. Bh4 Qb6 8. Qb3 Qxb3 9. Bxb3 Nbd7 10. Nf3 e6 11. 0-0 Be7 12. Rac1 g5 13. Bg3 Nh5 14. e4 Bg6 15. d5 Nxg3 16. hxg3 cxd5 17. exd5 Nc5 18. Bc4 0-0 19. dxe6 Nxe6 20. Rfe1 Bf5 21. Nd4 Nxd4 22. Rxe7 Rac8 23. Bd5 b5 24. Rd1 Nc6 25. Bxc6 Rxc6 26. Nxb5 a6 27. Nc3 Rb8 28. Rd2 Be6 29. Ra7 Kg7 30. a3 Bc4 31. Ne4 Bb3 32. Nd6 Rc1+ 33. Kh2 Rb6 34. Nf5+ Kg6 35. g4 Be6 36. Rd8 Bxf5 37. gxf5+ Kxf5 38. Rxf7+ Kg6 39. Rdf8 Rxb2 40. Rf6+ Kh5 41. Rh8 g4 42. Rhxh6+ Kg5 43. Rhg6+ Kh5 44. Rg8 Rc4 45. Rd8 Kg5 46. Rxa6 Rxf2 47. Rg8+ Kh5 48. Rd8 Rf5 49. Rdd6 Rc2 50. Rd3 Rfc5 51. Kg3 Kg5 52. Rad6 R2c3 53. a4 Rxd3+ 54. Rxd3 Re5 55. Rb3 Re4 56. Ra3 Re6 57. a5 Ra6 58. Ra2 Kf5 59. Ra4 Ra8 60. a6 Kg5 61. Ra5+ Kg6 62. Kxg4 Ra7 63. Kf4 Kf6 64. g4 Kg6 65. Ke5 Kf7 66. Kd6 Ke8 67. Kc6 Kd8 68. Kb6 Rg7 69. a7 Rg6+ 70. Kb7 Rg7+ 71. Kb8 1-0

[Event "Heraklion op 6th"]
[Site "Heraklion"]
[Date "2010.08.27"]
[Round "7"]
[White "Serpetsidakis, Nikolaos"]
[Black "Anastasopoulou, Andrianna"]
[Result "0-1"]
[WhiteElo "1005"]
[BlackElo "1715"]
[PlyCount "74"]
[EventDate "2010.08.22"]
[EventType "swiss"]
[EventRounds "9"]
[EventCountry "GRE"]
[SourceTitle "CBM 138 Extra"]
[Source "ChessBase"]
[SourceDate "2010.10.29"]
[SourceVersion "1"]
[SourceVersionDate "2010.10.29"]
[SourceQuality "1"]

1. d4 d5 2. c4 dxc4 3. e4 e5 4. d5 Nf6 5. Qc2 c6 6. dxc6 Nxc6 7. Bxc4 Nd4 8. Qd3 Qc7 9. Nc3 Bd7 10. Nge2 Nc2+ 11. Qxc2 Qxc4 12. 0-0 Bb4 13. Bg5 Rc8 14. Bxf6 gxf6 15. Rac1 Bb5 16. a3 Be7 17. Rfd1 0-0 18. Rd5 Bc6 19. Rd2 Qe6 20. Qd3 Kh8 21. Ng3 Qg4 22. h3 Qg5 23. Rdc2 Rcd8 24. Qe2 Rg8 25. Qh5 Qg6 26. Re1 Bc5 27. Qxg6 Rxg6 28. Rd1 Rdg8 29. Nce2 Bb6 30. Rc3 h5 31. Kh1 h4 32. Nh5 Rxg2 33. Nxf6 Rxf2 34. Rxc6 bxc6 35. Nxg8 Kxg8 36. Rd2 Kg7 37. b4 Rf3 0-1

[Event "GRE-ch U16 Girls"]
[Site "Kallithea"]
[Date "2010.06.30"]
[Round "5"]
[White "Pahaki, Hristina Despoina"]
[Black "Anastasopoulou, Andrianna"]
[Result "1/2-1/2"]
[WhiteElo "1684"]
[BlackElo "1719"]
[PlyCount "69"]
[EventDate "2010.06.26"]
[EventType "swiss"]
[EventRounds "7"]
[EventCountry "GRE"]
[SourceTitle "EXT 2011"]
[Source "ChessBase"]
[SourceDate "2010.11.26"]
[SourceVersion "1"]
[SourceVersionDate "2010.11.26"]
[SourceQuality "1"]

1. d4 d5 2. c4 dxc4 3. Nf3 Nf6 4. e3 e6 5. Bxc4 c5 6. 0-0 a6 7. Qe2 b5 8. Bd3 Bb7 9. dxc5 Bxc5 10. Bxb5+ Nbd7 11. Bxd7+ Nxd7 12. Rd1 Qe7 13. Nbd2 0-0 14. Nb3 Bb6 15. Bd2 Rfd8 16. Ba5 Bxa5 17. Nxa5 Nc5 18. Nxb7 Qxb7 19. Rxd8+ Rxd8 20. Rd1 Rb8 21. b3 h6 22. Rc1 Ne4 23. h3 Rd8 24. Qc2 a5 25. Nd4 Nf6 26. Nc6 Rd5 27. e4 Rb5 28. Rd1 e5 29. a4 Rxb3 30. Nxa5 Rb2 31. Nxb7 Rxc2 32. f3 Kf8 33. g4 Ra2 34. a5 Ke7 35. Rc1 1/2-1/2

[Event "Athens Acropolis op-B 24th"]
[Site "Chalkida"]
[Date "2009.08.18"]
[Round "9"]
[White "Fanourgakis, Konstantinos"]
[Black "Anastasopoulou, Andrianna"]
[Result "1/2-1/2"]
[WhiteElo "1895"]
[BlackElo "1675"]
[PlyCount "75"]
[EventDate "2009.08.10"]
[EventType "swiss"]
[EventRounds "9"]
[EventCountry "GRE"]
[SourceTitle "CBM 132 Extra"]
[Source "ChessBase"]
[SourceDate "2009.11.03"]
[SourceVersion "1"]
[SourceVersionDate "2009.11.03"]
[SourceQuality "1"]

1. e4 d5 2. exd5 Qxd5 3. Nc3 Qa5 4. d4 c6 5. Nf3 Nf6 6. Bd2 Qc7 7. g3 Bf5 8. Bg2 e6 9. 0-0 Bd6 10. Re1 0-0 11. Nh4 Bg4 12. Nf3 Nbd7 13. Bg5 h6 14. Bxf6 Nxf6 15. Ne4 Nxe4 16. Rxe4 Bf5 17. Re2 Rad8 18. c3 Rfe8 19. Qe1 Re7 20. Rd1 Rde8 21. h3 Bg6 22. Ne5 Bh7 23. Be4 Bxe4 24. Rxe4 Bxe5 25. Rxe5 f6 26. Re3 e5 27. dxe5 Rxe5 28. Rxe5 Rxe5 29. Qf1 Qe7 30. Qc4+ Kf8 31. Kf1 Re4 32. Qd3 Re5 33. Qd8+ Qxd8 34. Rxd8+ Kf7 35. Rd1 Re7 36. Rd4 Re5 37. Rb4 Re7 38. Rd4 1/2-1/2

[Event "GRE-chT 37th"]
[Site "Kallithea"]
[Date "2009.07.07"]
[Round "7"]
[White "Vatkali, Dimitra"]
[Black "Anastasopoulou, Andrianna"]
[Result "0-1"]
[WhiteElo "1865"]
[BlackElo "1675"]
[PlyCount "78"]
[EventDate "2009.07.03"]
[EventType "team-tourn"]
[EventRounds "9"]
[EventCountry "GRE"]
[SourceTitle "CBM 131 Extra"]
[Source "ChessBase"]
[SourceDate "2009.09.03"]
[SourceVersion "2"]
[SourceVersionDate "2009.09.16"]
[SourceQuality "1"]

1. e4 d5 2. exd5 Qxd5 3. Nc3 Qa5 4. Bc4 Bf5 5. d3 c6 6. Nge2 Nf6 7. 0-0 e6 8. Ng3 Bg6 9. Kh1 Bd6 10. f4 0-0 11. Qf3 Nbd7 12. Be3 Qc7 13. Nce4 h6 14. Nxd6 Qxd6 15. Rae1 Rae8 16. Bd2 Nb6 17. Bb3 Nbd5 18. a3 Qc7 19. h3 Ne7 20. Bc3 Nfd5 21. Be5 Qd8 22. Bd4 b6 23. Bg1 Qd7 24. Re2 Rc8 25. Ne4 Bh7 26. Nd2 Qc7 27. Nc4 Rcd8 28. Ne5 c5 29. g4 f6 30. Nc4 Qc6 31. Nd2 Kh8 32. Kh2 Bg8 33. Qg3 Ng6 34. f5 exf5 35. gxf5 Ne5 36. Rg2 Qb7 37. Ne4 Qe7 38. Qh4 Rd7 39. Bf2 Nf3+ 0-1

[Event "GRE-ch U14 Girls"]
[Site "Kallithea"]
[Date "2009.07.01"]
[Round "7"]
[White "Anastasopoulou, Andrianna"]
[Black "Amiridou, Dimitra"]
[Result "1/2-1/2"]
[WhiteElo "1668"]
[BlackElo "1539"]
[PlyCount "123"]
[EventDate "2009.06.25"]
[EventType "swiss"]
[EventRounds "9"]
[EventCountry "GRE"]
[SourceTitle "EXT 2011"]
[Source "ChessBase"]
[SourceDate "2010.11.26"]
[SourceVersion "1"]
[SourceVersionDate "2010.11.26"]
[SourceQuality "1"]

1. d4 Nf6 2. Bf4 g6 3. c3 Bg7 4. Nf3 0-0 5. Nbd2 d5 6. e3 Bg4 7. h3 Bxf3 8. Nxf3 c5 9. Bd3 Nc6 10. 0-0 Nd7 11. Re1 e5 12. dxe5 Ndxe5 13. Be2 Qd7 14. Qc2 Rfd8 15. Rad1 Rac8 16. Nxe5 Bxe5 17. Bxe5 Nxe5 18. Qb3 Nc6 19. e4 d4 20. Bg4 Qe7 21. Bxc8 Rxc8 22. cxd4 Nxd4 23. Qc3 Rd8 24. Kf1 b6 25. Qc4 Re8 26. Rd3 Qh4 27. Rxd4 cxd4 28. Qxd4 Qg5 29. Rd1 Qf4 30. f3 Qg5 31. Qc4 Qf6 32. Qd4 Qg5 33. Qd7 Qe5 34. Rd5 Re7 35. Qd6 Qxd6 36. Rxd6 Rc7 37. Ke2 Kf8 38. f4 Ke7 39. Rd2 Ke6 40. g4 f6 41. Kd3 Rc1 42. f5+ gxf5 43. exf5+ Kd6 44. Rh2 Kd5 45. Ke3 Ke5 46. Kf3 Kd5 47. Re2 Rc7 48. Re6 Rf7 49. h4 b5 50. Kf4 h6 51. g5 fxg5+ 52. hxg5 hxg5+ 53. Kxg5 a5 54. Kg6 Rf8 55. Kg7 Rxf5 56. Re2 a4 57. Kg6 Rf3 58. Kg5 b4 59. Rh2 a3 60. Kg4 Rd3 61. Kf4 axb2 62. Rxb2 1/2-1/2

[Event "GRE-ch U14 Girls"]
[Site "Kallithea"]
[Date "2009.06.28"]
[Round "4"]
[White "Anastasopoulou, Andrianna"]
[Black "Drakaki, Anna Maria"]
[Result "0-1"]
[WhiteElo "1668"]
[BlackElo "1601"]
[PlyCount "82"]
[EventDate "2009.06.25"]
[EventType "swiss"]
[EventRounds "9"]
[EventCountry "GRE"]
[SourceTitle "EXT 2011"]
[Source "ChessBase"]
[SourceDate "2010.11.26"]
[SourceVersion "1"]
[SourceVersionDate "2010.11.26"]
[SourceQuality "1"]

1. d4 d5 2. Bf4 Nf6 3. e3 g6 4. Nf3 Bg7 5. c3 0-0 6. Bd3 c5 7. Nbd2 c4 8. Bc2 Nc6 9. 0-0 Nh5 10. Bg5 b5 11. a3 a5 12. e4 Bb7 13. Re1 Nf6 14. a4 b4 15. Bxf6 Bxf6 16. exd5 bxc3 17. bxc3 Qxd5 18. Be4 Qd7 19. Nxc4 Qc7 20. Bd3 Rac8 21. Rc1 Rfd8 22. Qe2 Ba6 23. Nb2 Bxd3 24. Nxd3 Rd6 25. Nc5 Nb8 26. Ne4 Rc6 27. Nfd2 Bg7 28. Nb3 Nd7 29. Nec5 Nxc5 30. Nxc5 e5 31. Qd3 exd4 32. cxd4 Rd8 33. Nb3 Rxc1 34. Rxc1 Qd7 35. Rc4 Re8 36. h3 Re1+ 37. Kh2 Be5+ 38. g3 Qd5 39. f3 Bxg3+ 40. Kxg3 Qg5+ 41. Kf2 Qg1# 0-1

[Event "Attica-ch U14 Girls"]
[Site "Athens"]
[Date "2008.12.27"]
[Round "3"]
[White "Kokosi, Danai"]
[Black "Anastasopoulou, Andrianna"]
[Result "0-1"]
[WhiteElo "1765"]
[BlackElo "1683"]
[PlyCount "58"]
[EventDate "2008.12.25"]
[EventType "swiss"]
[EventRounds "7"]
[EventCountry "GRE"]
[SourceTitle "EXT 2011"]
[Source "ChessBase"]
[SourceDate "2010.11.26"]
[SourceVersion "1"]
[SourceVersionDate "2010.11.26"]
[SourceQuality "1"]

1. e4 d5 2. exd5 Qxd5 3. Nc3 Qa5 4. d4 c6 5. Bd3 Nf6 6. Bd2 Qb6 7. Nge2 Bg4 8. f3 Bh5 9. Na4 Qd8 10. Nc5 b6 11. Ne4 Nbd7 12. Nf4 Bg6 13. Nxg6 hxg6 14. Qe2 e6 15. 0-0-0 Be7 16. g4 Qc7 17. f4 0-0-0 18. Rdf1 b5 19. Ng5 Rhf8 20. f5 gxf5 21. gxf5 e5 22. Re1 Bd6 23. Nf3 Rfe8 24. Qg2 e4 25. Bxe4 Nxe4 26. Qxg7 Nb6 27. h4 Rg8 28. Qh6 Nxd2 29. Qxd2 Bf4 0-1